| 000 | 00356 a2200109 4500 | ||
|---|---|---|---|
| 001 | ART_61698 | ||
| 005 | 20260410162057.0 | ||
| 008 | 260409a | ||
| 245 | 1 | 0 | _aLa expulsión de una mujer condenada extranjera. |
| 100 | 1 | _aVanella, Carolina A. | |
| 773 | 0 |
_tTemas de derecho penal y procesal penal _g- Año 5, N° 3 (mar. 2023) _wREV60798 |
|
| 999 |
_c36354 _d36354 |
||